| 000 | 00429nam a2200157 a 4500 | ||
|---|---|---|---|
| 001 | 000032110 | ||
| 005 | 20200930063434.0 | ||
| 008 | 110712s200u dr a 000 0 spa d | ||
| 040 |
_aDO-SdBNP _bspa _cBNPHU |
||
| 082 |
_axxx _bP887m |
||
| 100 | 1 |
_aPower, Jhonny, _d1974- _958228 |
|
| 245 | 1 | 0 |
_aMi barrio y yo / _cJhonny Power. |
| 260 |
_a[Santo Domingo] : _b[s.n], _c[200?]. |
||
| 300 |
_a86 p. ; : _bil. ; _c22 cm. |
||
| 049 | _aBNPD | ||
| 999 |
_c31601 _d31601 |
||